LEADER 00786nam0-22002891i-450- 001 990005630010403321 005 20060426095115.0 035 $a000563001 035 $aFED01000563001 035 $a(Aleph)000563001FED01 035 $a000563001 100 $a19990604d1959----km-y0itay50------ba 101 0 $afre 105 $aa-------00--- 200 1 $a<>peinture allemande$fMarcel Brion 210 $aParis$cPierre Tisnel$dc1959 215 $a177 p.$cill. , 24 cm 610 0 $apittura tedesca$aStudi 676 $a759.3$v21$zita 700 1$aBrion,$bMarcel$036142 801 0$aIT$bUNINA$gRICA$2UNIMARC 901 $aBK 912 $a990005630010403321 952 $a759.3 BRI 1$bST.ARTE 4692$fFLFBC 959 $aFLFBC 996 $aPeinture allemande$9604330 997 $aUNINA LEADER 00935nam--2200337---450- 001 990001568840203316 005 20051028093017.0 035 $a000156884 035 $aUSA01000156884 035 $a(ALEPH)000156884USA01 035 $a000156884 100 $a20040415d1953----km-y0itay0103----ba 101 0 $aita 102 $aIT 105 $a||||||||001yy 200 1 $a<> "Poetica" e le poetiche di Orazio$fLeonardo Ferrero 210 $aTorino$cGiappichelli$d1953 215 $a91 p.$d24 cm 410 0$12001 454 1$12001 461 1$1001-------$12001 700 1$aFERRERO,$bLeonardo$0159622 801 0$aIT$bsalbc$gISBD 912 $a990001568840203316 951 $aV.3.B. 128(VIII C 47)$b15620 L.M.$cVIII C 959 $aBK 969 $aUMA 979 $aSIAV6$b10$c20040415$lUSA01$h1400 979 $aCOPAT6$b90$c20051028$lUSA01$h0930 996 $aPoetica e le poetiche di Orazio$9238039 997 $aUNISA